000 00535nmm a2200169Ia 4500
008 251105s9999||||xx |||||||||||||||||und||
020 _a9788475226996
041 _aspa
100 _aFernández Serrato, J. Carlos
245 0 _aEl techo es la intemperie : poesía y poética en Jenaro Talens
264 _a[Madrid, España] :
_bVisor Libros,
_c2007
300 _a288 páginas
490 _aBiblioteca Filológica Hispana
650 _aSpanish literature
856 _uhttps://public.digitaliapublishing.com/a/28168
942 _cCF
999 _c85005
_d85005